Rajnitibigyan aru bharatiya sangbidhan. (Record no. 887)

MARC details
000 -LEADER
fixed length control field 00494cam a2200181ua 4500
008 - FIXED-LENGTH DATA ELEMENTS--GENERAL INFORMATION
fixed length control field 110425n ii |||gr||||Z||||||eng
040 ## - CATALOGING SOURCE
Transcribing agency MAIN
082 ## - DEWEY DECIMAL CLASSIFICATION NUMBER
Classification number 320
245 1# - TITLE STATEMENT
Title Rajnitibigyan aru bharatiya sangbidhan.
Statement of responsibility, etc. By Mrigendra Narayan Das.
250 ## - EDITION STATEMENT
Edition statement 1st.
260 ## - PUBLICATION, DISTRIBUTION, ETC.
Place of publication, distribution, etc. Dibrugarh.:
Name of publisher, distributor, etc. Bani mandir.,990.
300 ## - PHYSICAL DESCRIPTION
Extent 296 p.:
Dimensions 21 cm.
700 1# - ADDED ENTRY--PERSONAL NAME
Personal name Das, Mrigendra Narayan.,
942 ## - ADDED ENTRY ELEMENTS (KOHA)
Koha item type Books
653 ## - INDEX TERM--UNCONTROLLED
Uncontrolled term Political science.
653 ## - INDEX TERM--UNCONTROLLED
Uncontrolled term Rajniti bigyan aru bharatiya sangbidhan.
Holdings
Withdrawn status Lost status Damaged status Not for loan Home library Current library Shelving location Date acquired Total Checkouts Full call number Barcode Date last seen Copy number Price effective from Koha item type
        Central Library, Naharkatiya College Central Library, Naharkatiya College General Stacks 19/09/2020   320 | DAS 871 19/09/2020 1 19/09/2020 Books

Naharkatiya College © 2020. All rights reserved.

Powered By